[Event "FRA-chT2 0910"]
[Site "France"]
[Date "2010.03.13"]
[Round "8.5"]
[White "Carvallo, Henri"]
[Black "Castaignet, Laurent"]
[Result "0-1"]
[WhiteElo "2130"]
[BlackElo "2181"]
[PlyCount "106"]
[EventDate "2009.09.27"]
[EventType "team"]
[EventRounds "11"]
[EventCountry "FRA"]
[SourceDate "2009.07.26"]

1. d4 Nf6 2. Bf4 c5 3. e3 g6 4. Nf3 Bg7 5. c3 b6 6. h3 O-O 7. Nbd2 Bb7 8. Be2
d6 9. O-O Nbd7 10. Bh2 Bh6 11. a4 cxd4 12. cxd4 Rc8 13. a5 bxa5 14. Qa4 Ne4 15.
Nxe4 Bxe4 16. Rfc1 Rxc1+ 17. Rxc1 Nf6 18. Nd2 Bf5 19. Bf3 Qb8 20. b3 Rc8 21.
Rxc8+ Qxc8 22. Qc4 Qb8 23. g4 Be6 24. d5 Bd7 25. h4 Bg7 26. g5 Bb5 27. Qc1 Nd7
28. Nc4 Qc7 29. Qa3 Bxc4 30. bxc4 Qc5 31. Qa4 Nb6 32. Qe8+ Bf8 33. Qb5 Qxb5 34.
cxb5 a4 35. Bd1 a3 36. Bb3 Na4 37. Kf1 Nc3 38. Ke1 a2 39. Bxa2 Nxa2 40. Kd2 Bg7
41. Kd3 Nc3 42. Kc4 Nd1 43. Bg1 Bc3 44. f3 Ba5 45. e4 Bb6 46. Bh2 Kf8 47. e5
dxe5 48. Bxe5 Ne3+ 49. Kd3 Nxd5 50. Bg3 Ke8 51. Kc4 Ne3+ 52. Kd3 Nf5 53. Be1
Nd6 0-1

[Event "FRA-chT2 0910"]
[Site "France"]
[Date "2010.03.13"]
[Round "8.6"]
[White "Cheymol, Eric"]
[Black "Wenzel, Johannes"]
[Result "1/2-1/2"]
[WhiteElo "2181"]
[BlackElo "2122"]
[PlyCount "84"]
[EventDate "2009.09.27"]
[EventType "team"]
[EventRounds "11"]
[EventCountry "FRA"]
[SourceDate "2009.07.26"]

1. e4 c5 2. c3 Nf6 3. e5 Nd5 4. d4 cxd4 5. Nf3 e6 6. cxd4 d6 7. Nc3 Nxc3 8.
bxc3 Qc7 9. Qc2 Bd7 10. Bf4 d5 11. Bd3 h6 12. h4 Nc6 13. O-O Rc8 14. Qe2 Na5
15. Rab1 Be7 16. Bd2 a6 17. h5 b5 18. a4 Nc4 19. axb5 Bxb5 20. Bc1 Qa5 21. Bd2
Qc7 22. Rfd1 Na3 23. Ra1 Bxd3 24. Qxd3 Qc4 25. Ne1 Qxd3 26. Nxd3 a5 27. Ra2 Kd7
28. Rda1 Nc4 29. Bc1 Ra8 30. Nb2 Rhc8 31. Nxc4 Rxc4 32. Rxa5 Rxa5 33. Rxa5 Rxc3
34. Be3 f6 35. Ra8 fxe5 36. dxe5 Rc8 37. Ra7+ Ke8 38. f3 Rc4 39. Ra6 Kd7 40.
Ra8 Bd8 41. Ra7+ Rc7 42. Ra4 Be7 1/2-1/2

[Event "FRA-chT2 0910"]
[Site "France"]
[Date "2010.03.13"]
[Round "8.7"]
[White "Gaborit, Jean Pierre"]
[Black "Imbert, Christophe"]
[Result "1-0"]
[WhiteElo "2215"]
[BlackElo "2101"]
[PlyCount "97"]
[EventDate "2009.09.27"]
[EventType "team"]
[EventRounds "11"]
[EventCountry "FRA"]
[SourceDate "2009.07.26"]

1. d4 Nf6 2. Bg5 Ne4 3. Bf4 c5 4. d5 e6 5. f3 Bd6 6. Bxd6 Nxd6 7. e4 e5 8. c4
O-O 9. Bd3 b5 10. Na3 f5 11. Nxb5 Nxb5 12. cxb5 fxe4 13. Bxe4 d6 14. Ne2 Qa5+
15. Qd2 Qxb5 16. O-O Ba6 17. Rf2 Nd7 18. Nc3 Qb6 19. Qc2 Nf6 20. Kh1 Kh8 21.
Bf5 c4 22. Rd1 Bc8 23. Be4 Bd7 24. Re2 Rae8 25. Rdd2 g6 26. Nd1 Kg7 27. Re1
Nxe4 28. Qxe4 Rf4 29. Qe3 Qxe3 30. Nxe3 Rc8 31. Nd1 Rc5 32. Re4 Rf8 33. Kg1 Bf5
34. Re3 Rb8 35. Ra3 Rb7 36. Ra6 Rd7 37. Nf2 g5 38. Ne4 Bxe4 39. fxe4 c3 40.
bxc3 Rxc3 41. Kf2 Kf6 42. Rb2 h5 43. Ke2 g4 44. Kd2 Rc4 45. Kd3 Rd4+ 46. Kc3
Rxe4 47. Rf2+ Ke7 48. Rf5 h4 49. Rg5 {suite illisible} 1-0

[Event "FRA-chT2 0910"]
[Site "France"]
[Date "2010.03.13"]
[Round "8.8"]
[White "Millet, Maud"]
[Black "Josse, Anais"]
[Result "1-0"]
[WhiteElo "1980"]
[BlackElo "1635"]
[PlyCount "77"]
[EventDate "2009.09.27"]
[EventType "team"]
[EventRounds "11"]
[EventCountry "FRA"]
[SourceDate "2009.07.26"]

1. d4 Nf6 2. c4 g6 3. Nc3 Bg7 4. e4 d6 5. Be2 O-O 6. Be3 Nbd7 7. g4 e5 8. d5
Nb6 9. f3 Re8 10. Qd2 c6 11. h4 h5 12. gxh5 Nxh5 13. O-O-O cxd5 14. cxd5 Bd7
15. Kb1 Rc8 16. b3 a5 17. a4 Na8 18. Bb5 Bxb5 19. Nxb5 b6 20. Ne2 Re7 21. Rc1
Rb7 22. Rc6 Bf8 23. Rhc1 Rbb8 24. Na7 Rc7 25. Rxc7 Nxc7 26. Nc6 Qc8 27. Nxb8
Qxb8 28. Rc6 Na8 29. Nc3 Qd8 30. Nb5 Qxh4 31. Rc8 Qh1+ 32. Ka2 Qxf3 33. Bh6 Ng7
34. Rxa8 Qxe4 35. Nxd6 Qh1 36. Nc4 Qh5 37. d6 Ne6 38. Rxf8+ Nxf8 39. Bxf8 1-0

[Event "FRA-chT2 0910"]
[Site "France"]
[Date "2010.03.14"]
[Round "9.1"]
[White "Navrotescu, Catalin"]
[Black "Bleunven, Andre"]
[Result "1-0"]
[WhiteElo "2438"]
[BlackElo "2269"]
[PlyCount "73"]
[EventDate "2009.09.27"]
[EventType "team"]
[EventRounds "11"]
[EventCountry "FRA"]
[SourceDate "2009.07.26"]

1. c4 Nf6 2. Nc3 c5 3. Nf3 e6 4. e3 d5 5. d4 a6 6. cxd5 exd5 7. Be2 Nc6 8. O-O
Bd6 9. dxc5 Bxc5 10. a3 O-O 11. b4 Ba7 12. Bb2 Re8 13. Rc1 Qd6 14. b5 Na5 15.
Qa4 Bb6 16. bxa6 bxa6 17. Nxd5 Qxd5 18. Bxf6 Bd7 19. Qb4 Rab8 20. Rfd1 Qf5 21.
Be5 Bc7 22. Rxc7 Rxb4 23. axb4 Nc6 24. Bg3 Nb8 25. Rb7 Ba4 26. Ra1 Qc2 27. Nd4
Qc3 28. Rxa4 Nc6 29. Rc7 Qe1+ 30. Bf1 Qd1 31. Rxa6 Nxd4 32. exd4 h6 33. Be5 f6
34. Raa7 fxe5 35. Rxg7+ Kh8 36. dxe5 Ra8 37. Rad7 1-0

[Event "FRA-chT2 0910"]
[Site "France"]
[Date "2010.03.14"]
[Round "9.2"]
[White "Guyader, Thierry"]
[Black "Jolly, Jean Francois"]
[Result "0-1"]
[WhiteElo "2133"]
[BlackElo "2417"]
[PlyCount "44"]
[EventDate "2009.09.27"]
[EventType "team"]
[EventRounds "11"]
[EventCountry "FRA"]
[SourceDate "2009.07.26"]

1. e4 e5 2. Nf3 Nc6 3. Bb5 f5 4. d4 fxe4 5. Nxe5 Nxe5 6. dxe5 c6 7. Bc4 Qa5+ 8.
Nc3 Qxe5 9. O-O d5 10. Re1 Nf6 11. Bf1 Ng4 12. g3 Bc5 13. Be3 Nxe3 14. fxe3 Qg5
15. Qd2 b5 16. a3 O-O 17. b4 Bb6 18. a4 d4 19. Nxe4 dxe3 20. Qe2 Qh6 21. Bg2
Rf2 22. Qd3 Bh3 0-1

[Event "FRA-chT2 0910"]
[Site "France"]
[Date "2010.03.14"]
[Round "9.3"]
[White "Amoyal, Pierre"]
[Black "Bollore, Jacques"]
[Result "1-0"]
[WhiteElo "2193"]
[BlackElo "2131"]
[PlyCount "49"]
[EventDate "2009.09.27"]
[EventType "team"]
[EventRounds "11"]
[EventCountry "FRA"]
[SourceDate "2009.07.26"]

1. d4 Nf6 2. c4 e6 3. Nf3 b6 4. Nc3 Bb7 5. Bg5 Be7 6. e3 d5 7. cxd5 Nxd5 8.
Bb5+ c6 9. Bxe7 Qxe7 10. Bd3 Nd7 11. O-O O-O 12. Rc1 c5 13. Ne2 Nb4 14. Bb1
Bxf3 15. gxf3 f5 16. dxc5 Ne5 17. Qd6 Nxf3+ 18. Kg2 Nh4+ 19. Kh1 Qxd6 20. cxd6
Rfd8 21. Rc4 Nf3 22. Rxb4 Nd2 23. Rd1 Nxb1 24. Rxb1 Rxd6 25. Rd4 1-0

[Event "FRA-chT2 0910"]
[Site "France"]
[Date "2010.03.14"]
[Round "9.4"]
[White "Cadiou, Jacques"]
[Black "Renault, Fabien"]
[Result "0-1"]
[WhiteElo "2016"]
[BlackElo "2208"]
[PlyCount "126"]
[EventDate "2009.09.27"]
[EventType "team"]
[EventRounds "11"]
[EventCountry "FRA"]
[SourceDate "2009.07.26"]

1. Nf3 d6 2. d4 f5 3. g3 Nf6 4. Bg2 g6 5. O-O Bg7 6. c4 O-O 7. Nc3 Qe8 8. d5
Na6 9. Nd4 Bd7 10. Re1 Nc5 11. b4 Nce4 12. Nxe4 Nxe4 13. f3 Nf6 14. Rb1 e5 15.
dxe6 Bxe6 16. Nxe6 Qxe6 17. Qb3 Rfe8 18. c5 Qxb3 19. Rxb3 d5 20. Bb2 Nd7 21.
Bxg7 Kxg7 22. e4 a5 23. Rd1 axb4 24. Rxd5 Nf6 25. Rd2 fxe4 26. fxe4 Nxe4 27.
Rd7+ Kh8 28. Rxb4 Nxc5 29. Rd2 Rab8 30. Rc4 b6 31. a4 Re1+ 32. Kf2 Ra1 33. Bc6
Rf8+ 34. Kg2 Rf6 35. Rd8+ Kg7 36. Bd5 Rf8 37. Rxf8 Kxf8 38. Rf4+ Ke7 39. Bg8
Rxa4 40. Rf7+ Kd6 41. Bxh7 Ra2+ 42. Kh3 Ne4 43. Kg4 Rxh2 44. Bxg6 Nc5 45. Rf6+
Ne6 46. Bd3 Ke7 47. Rf1 Rd2 48. Bg6 b5 49. Rf7+ Kd6 50. Bf5 c5 51. Rb7 Nd4 52.
Bd7 b4 53. Ba4 Ra2 54. Rd7+ Ke6 55. Rxd4 Rxa4 56. Re4+ Kd5 57. Kf5 Ra1 58. Re5+
Kd4 59. Re4+ Kd3 60. Re5 c4 61. Rd5+ Kc2 62. Rc5 c3 63. Ke4 b3 0-1

[Event "FRA-chT2 0910"]
[Site "France"]
[Date "2010.03.14"]
[Round "9.5"]
[White "Restout, Bruce"]
[Black "Brient, Yoann"]
[Result "0-1"]
[WhiteElo "2049"]
[BlackElo "1942"]
[PlyCount "116"]
[EventDate "2009.09.27"]
[EventType "team"]
[EventRounds "11"]
[EventCountry "FRA"]
[SourceDate "2009.07.26"]

1. d4 Nf6 2. c4 g6 3. Nc3 Bg7 4. e4 d6 5. Nf3 O-O 6. Be2 Na6 7. O-O e5 8. d5
Nc5 9. Qc2 a5 10. Bg5 h6 11. Bh4 Bd7 12. Nd2 Qe8 13. b3 Nh7 14. a3 f5 15. f3 g5
16. Bf2 b6 17. b4 axb4 18. axb4 Nb7 19. Rxa8 Qxa8 20. Qb2 Qb8 21. Ra1 g4 22.
fxg4 fxg4 23. Ra3 Bf6 24. Nf1 Bg5 25. Ng3 Qe8 26. Nf5 h5 27. Ra7 Qb8 28. Ra3
Bxf5 29. exf5 Rxf5 30. Qc2 Qf8 31. Bd3 Rf7 32. Bg6 Rg7 33. Bf5 Nf6 34. Be6+ Kh8
35. Qf5 Nh7 36. Qc2 Qf4 37. Ra8+ Nd8 38. Ne4 Be7 39. Nxd6 cxd6 40. Bxb6 Qg5 41.
c5 dxc5 42. bxc5 Qe3+ 43. Qf2 Qc1+ 44. Qf1 Bxc5+ 45. Bxc5 Qxc5+ 46. Kh1 Qd6 47.
Qf5 Rc7 48. g3 Rc1+ 49. Kg2 Rc7 50. Qg6 Qf8 51. Qe4 Qf6 52. d6 Rc1 53. Qf5 Kg7
54. Rxd8 Qxd8 55. Qf7+ Kh6 56. d7 Rc2+ 57. Kf1 Qb6 58. d8=Q Qb1+ 0-1

[Event "FRA-chT2 0910"]
[Site "France"]
[Date "2010.03.14"]
[Round "9.6"]
[White "Delalee, Paul"]
[Black "Beneteau, Hubert"]
[Result "1-0"]
[WhiteElo "1969"]
[BlackElo "2100"]
[PlyCount "117"]
[EventDate "2009.09.27"]
[EventType "team"]
[EventRounds "11"]
[EventCountry "FRA"]
[SourceDate "2009.07.26"]

1. d4 f5 2. g3 Nf6 3. Bg2 g6 4. c3 Bg7 5. Qb3 d5 6. Nh3 c6 7. Nf4 e5 8. dxe5
Ng4 9. e6 Na6 10. Nd2 Nc5 11. Qc2 Bxe6 12. b4 Qe7 13. bxc5 Qxc5 14. O-O Bf7 15.
Bb2 O-O 16. Nd3 Qe7 17. Nf3 Rfe8 18. Rfe1 Qc7 19. Ng5 Rad8 20. Nxf7 Qxf7 21.
Rad1 g5 22. h3 Nf6 23. c4 dxc4 24. Ne5 Rxd1 25. Rxd1 Qe6 26. Qxc4 Qxc4 27. Nxc4
Rxe2 28. Bf1 Re8 29. Nd6 Rd8 30. Bc4+ Nd5 31. Bxd5+ cxd5 32. Nxb7 Rb8 33. Bxg7
Rxb7 34. Bf6 Kf7 35. Bxg5 Ke6 36. Bf4 Rb5 37. Kg2 Ra5 38. Rd2 Ra4 39. Re2+ Kf6
40. Be5+ Ke6 41. f4 Kd7 42. Rc2 Ke6 43. Rd2 h5 44. Kf2 Ra3 45. Bd4 Ra4 46. Be5
a6 47. a3 Rc4 48. Bd4 Kd6 49. Ke3 Ra4 50. Rd3 Kc6 51. Rb3 Kc7 52. Kd3 Kd7 53.
Bc5 Kc6 54. Bb4 Kd7 55. Rc3 h4 56. Rc5 hxg3 57. Rxd5+ Ke6 58. Re5+ Kd7 59. Ke3
1-0

[Event "FRA-chT2 0910"]
[Site "France"]
[Date "2010.03.14"]
[Round "9.7"]
[White "Auvray, Simon"]
[Black "Le Du, Michel"]
[Result "1-0"]
[WhiteElo "2010"]
[BlackElo "1934"]
[PlyCount "95"]
[EventDate "2009.09.27"]
[EventType "team"]
[EventRounds "11"]
[EventCountry "FRA"]
[SourceDate "2009.07.26"]

1. e4 g6 2. d4 d6 3. Nc3 Bg7 4. f4 Nf6 5. Nf3 O-O 6. e5 dxe5 7. fxe5 Nd5 8. Bc4
c6 9. Nxd5 cxd5 10. Bd3 Nc6 11. c3 Qb6 12. h3 f6 13. exf6 exf6 14. O-O Bd7 15.
Qb3 Qxb3 16. axb3 a6 17. Re1 Rfe8 18. Bf4 Bf8 19. b4 Rxe1+ 20. Rxe1 Kg7 21. Ra1
Re8 22. b5 axb5 23. Bxb5 g5 24. Bg3 h5 25. h4 g4 26. Nd2 Kg6 27. Bf4 Bf5 28.
Kf2 Rc8 29. Nf1 Nd8 30. Ne3 Be6 31. Be8+ Nf7 32. Bxf7+ Bxf7 33. Ra7 b5 34. Rb7
Be8 35. Nxd5 Bc6 36. Rc7 Rxc7 37. Nxc7 b4 38. g3 bxc3 39. bxc3 Ba3 40. c4 Kf5
41. Nb5 Bb4 42. Na7 Bf3 43. c5 Bc3 44. Ke3 Bb2 45. Kd3 Be4+ 46. Kc4 Ke6 47. c6
Bd5+ 48. Kd3 1-0

[Event "FRA-chT2 0910"]
[Site "France"]
[Date "2010.03.14"]
[Round "9.8"]
[White "Viart, Bettina"]
[Black "Auvray, Juliette"]
[Result "0-1"]
[WhiteElo "1567"]
[BlackElo "1974"]
[PlyCount "140"]
[EventDate "2009.09.27"]
[EventType "team"]
[EventRounds "11"]
[EventCountry "FRA"]
[SourceDate "2009.07.26"]

1. e4 c6 2. d4 d5 3. e5 Bf5 4. Nf3 e6 5. Bd3 Bxd3 6. Qxd3 Qa5+ 7. Bd2 Qa6 8.
Qxa6 Nxa6 9. a3 c5 10. c3 Ne7 11. b4 b6 12. Be3 Nf5 13. Bf4 h5 14. Nbd2 Be7 15.
Ke2 Rg8 16. h4 Rc8 17. Rac1 Kd7 18. g3 Rc7 19. Nb3 Rgc8 20. Ng5 Ke8 21. Rhd1
Nb8 22. Nf3 Nd7 23. Nh2 Nf8 24. Nf1 Ng6 25. Bd2 f6 26. f4 Nh8 27. Kf3 Nf7 28.
Ne3 N7h6 29. Nxf5 Nxf5 30. Rh1 cxd4 31. Nxd4 Nxd4+ 32. cxd4 Rc4 33. Ke3 b5 34.
Kd3 Bd8 35. Rxc4 dxc4+ 36. Kc3 f5 37. Rf1 Kd7 38. Be3 Kc6 39. Rd1 Kd5 40. Bf2
Ra8 41. Re1 a5 42. Rb1 axb4+ 43. axb4 Ra4 44. Kc2 Bb6 45. Be1 Ra2+ 46. Kd1 Bxd4
47. Rc1 Ra1 48. Rxa1 Bxa1 49. Ke2 Ke4 50. Bd2 c3 51. Be1 c2 52. Bd2 Bb2 53. g4
hxg4 54. h5 c1=Q 55. Bxc1 Bxc1 56. Kf2 Bxf4 57. h6 gxh6 58. Kg2 Bxe5 59. Kf2
Bc3 60. Kg3 Bxb4 61. Kh4 Be1+ 62. Kh5 g3 63. Kxh6 g2 64. Kg6 g1=Q+ 65. Kf6 Bh4+
66. Kxe6 Qg6+ 67. Kd7 Kd5 68. Kc7 Qc6+ 69. Kb8 Qd7 70. Ka8 Kc6 0-1

[Event "FRA-chT2 0910"]
[Site "France"]
[Date "2010.03.14"]
[Round "9.1"]
[White "Lepelletier, Benoit"]
[Black "Le Corre, Benjamin"]
[Result "1/2-1/2"]
[WhiteElo "2423"]
[BlackElo "2264"]
[PlyCount "93"]
[EventDate "2009.09.27"]
[EventType "team"]
[EventRounds "11"]
[EventCountry "FRA"]
[SourceDate "2009.07.26"]

1. e4 c5 2. Nf3 Nc6 3. Bb5 g6 4. O-O Nf6 5. Nc3 Bg7 6. Bxc6 dxc6 7. h3 Nd7 8.
d3 Nf8 9. Ne2 b6 10. c3 Ba6 11. c4 Ne6 12. Rb1 O-O 13. b3 Qd6 14. Bb2 Rad8 15.
Bxg7 Kxg7 16. Ne1 Nf4 17. Nxf4 Qxf4 18. Qc1 Qxc1 19. Rxc1 e5 20. f3 Rd6 21. Kf2
f5 22. Ke2 f4 23. Nc2 Bc8 24. a3 Rfd8 25. Rfd1 Be6 26. Rd2 R6d7 27. Ne1 a5 28.
Rb2 Ra8 29. Rcb1 Kf6 30. b4 cxb4 31. axb4 a4 32. b5 c5 33. Ra1 Kg5 34. Rba2
Rda7 35. Nc2 Kh4 36. Kf2 Rd7 37. Ne1 Rda7 38. Ra3 h5 39. Nc2 Rd7 40. Ne1 Rda7
41. Nc2 Rd7 42. Rg1 Bxc4 43. g3+ Kg5 44. gxf4+ Kh6 45. dxc4 Rd2+ 46. Ke3 Rxc2
47. Kd3 1/2-1/2

[Event "FRA-chT2 0910"]
[Site "France"]
[Date "2010.03.14"]
[Round "9.2"]
[White "Maleki, Manuel"]
[Black "Bouillot, Serge"]
[Result "1-0"]
[WhiteElo "2260"]
[BlackElo "2174"]
[PlyCount "61"]
[EventDate "2009.09.27"]
[EventType "team"]
[EventRounds "11"]
[EventCountry "FRA"]
[SourceDate "2009.07.26"]

1. Nf3 d6 2. d4 Bg4 3. c4 Nd7 4. e4 e5 5. Be2 Ngf6 6. Nc3 Be7 7. O-O O-O 8. Be3
c6 9. d5 c5 10. Ne1 Bxe2 11. Qxe2 Ne8 12. f3 Bg5 13. Bf2 g6 14. Nd3 f5 15. Rab1
a5 16. b3 Nef6 17. exf5 gxf5 18. f4 Ne4 19. Nxe4 fxe4 20. Nxc5 dxc5 21. fxg5
Qxg5 22. Qxe4 Rf4 23. Be3 Rxe4 24. Bxg5 a4 25. Rf2 axb3 26. Rxb3 Re1+ 27. Rf1
Re2 28. a3 b6 29. Rg3 Nf8 30. d6 Ra7 31. Bh6+ 1-0

[Event "FRA-chT2 0910"]
[Site "France"]
[Date "2010.03.14"]
[Round "9.3"]
[White "Dinayet, Kazi Rashedul"]
[Black "Dieu, Bruno"]
[Result "0-1"]
[WhiteElo "2071"]
[BlackElo "2282"]
[PlyCount "35"]
[EventDate "2009.09.27"]
[EventType "team"]
[EventRounds "11"]
[EventCountry "FRA"]
[SourceDate "2009.07.26"]
[WhiteTeam "Creteil"]
[BlackTeam "Tours"]

1. e4 e6 2. d4 d5 3. Nc3 Bb4 4. e5 c5 5. Bb5+ $2 (5. a3) 5... Bd7 6. Bxd7+ Nxd7
$11 7. Nge2 Ne7 8. Bg5 h6 9. Be3 Nf5 10. O-O cxd4 11. Bxd4 O-O 12. a3 Nxd4 13.
axb4 Nxe2+ 14. Qxe2 Qb6 15. b5 Qd4 16. Rfe1 f6 17. exf6 Rxf6 18. Ra4 {suite
illisible} 0-1

[Event "FRA-chT2 0910"]
[Site "France"]
[Date "2010.03.14"]
[Round "9.4"]
[White "Giacomini, Hector"]
[Black "Alam, Nure"]
[Result "1-0"]
[WhiteElo "2275"]
[BlackElo "1955"]
[PlyCount "91"]
[EventDate "2009.09.27"]
[EventType "team"]
[EventRounds "11"]
[EventCountry "FRA"]
[SourceDate "2009.07.26"]

1. d4 d5 2. Nf3 c6 3. c4 Nf6 4. Qc2 g6 5. Bf4 Bg7 6. e3 Bf5 7. Qb3 Qb6 8. c5
Qxb3 9. axb3 Nbd7 10. h3 O-O 11. Nc3 a5 12. g4 Bc2 13. Nd2 Ne4 14. Ncxe4 dxe4
15. Rc1 Bd3 16. Bxd3 exd3 17. Nc4 Rfe8 18. Kd2 e5 19. Nxe5 Nxe5 20. Bxe5 Bxe5
21. dxe5 Rxe5 22. Kxd3 Rd8+ 23. Ke2 Rdd5 24. f4 Re4 25. Rhd1 Rxd1 26. Rxd1 Rb4
27. Rd3 Rb5 28. Rc3 a4 29. Kd3 Rb4 30. Kc2 Kf8 31. bxa4 Rxa4 32. Rb3 Rc4+ 33.
Kd3 Rxc5 34. Rxb7 h6 35. e4 Ke8 36. Kd4 Ra5 37. h4 Kf8 38. g5 h5 39. b4 Ra1 40.
f5 gxf5 41. exf5 Rh1 42. Ke5 Rxh4 43. Kf6 Re4 44. Rxf7+ Kg8 45. Rc7 Rxb4 46.
Rc8+ 1-0

[Event "FRA-chT2 0910"]
[Site "France"]
[Date "2010.03.14"]
[Round "9.5"]
[White "Mohammad, Fahim"]
[Black "Gaborit, Jean Pierre"]
[Result "0-1"]
[WhiteElo "1832"]
[BlackElo "2215"]
[PlyCount "100"]
[EventDate "2009.09.27"]
[EventType "team"]
[EventRounds "11"]
[EventCountry "FRA"]
[SourceDate "2009.07.26"]

1. d4 Nf6 2. c4 g6 3. Nc3 d5 4. cxd5 Nxd5 5. e4 Nxc3 6. bxc3 Bg7 7. Nf3 O-O 8.
Be3 c5 9. Rc1 Qa5 10. Qd2 Rd8 11. d5 e6 12. Bg5 f6 13. Be3 exd5 14. exd5 Nc6
15. Bc4 Kh8 16. Bh6 b5 17. Be2 Ne7 18. Bxg7+ Kxg7 19. d6 Bb7 20. Qe3 Nf5 21.
Qxc5 Bxf3 22. Qc7+ Qxc7 23. dxc7 Re8 24. gxf3 Rac8 25. Kf1 Re5 26. Rg1 Rxc7 27.
Rg4 a5 28. f4 Rd5 29. Rb1 Nd6 30. Rd1 Rxd1+ 31. Bxd1 Rxc3 32. Rg3 Ne4 33. Rxc3
Nxc3 34. Bb3 a4 35. Be6 b4 36. Ke1 Nxa2 37. Bxa2 b3 38. Bxb3 axb3 39. Kd2 Kf7
40. f5 g5 41. Kc3 Ke7 42. Kxb3 Kd6 43. Kc4 Ke5 44. Kd3 Kf4 45. h3 h5 46. Ke2 h4
47. Kf1 Kxf5 48. f3 Kf4 49. Kf2 f5 50. Kg2 Ke3 0-1

[Event "FRA-chT2 0910"]
[Site "France"]
[Date "2010.03.14"]
[Round "9.6"]
[White "Wenzel, Johannes"]
[Black "Ruff, Christian"]
[Result "1-0"]
[WhiteElo "2122"]
[BlackElo "1690"]
[PlyCount "53"]
[EventDate "2009.09.27"]
[EventType "team"]
[EventRounds "11"]
[EventCountry "FRA"]
[SourceDate "2009.07.26"]

1. Nf3 d5 2. d4 Nf6 3. c4 e6 4. g3 c6 5. Qc2 Bd6 6. Bg2 Nbd7 7. O-O O-O 8. Nbd2
e5 9. cxd5 cxd5 10. dxe5 Nxe5 11. Nxe5 Bxe5 12. Nf3 Bc7 13. Bg5 h6 14. Bxf6
gxf6 15. Rfd1 Be6 16. Nd4 Qe7 17. Qd2 Kg7 18. Bxd5 Rad8 19. Bxe6 fxe6 20. Qc2
Qf7 21. Qxc7 Kg8 22. Qxf7+ Kxf7 23. Nb3 Ke7 24. Kf1 b6 25. Rac1 Rxd1+ 26. Rxd1
Rc8 27. Rc1 1-0

[Event "FRA-chT2 0910"]
[Site "France"]
[Date "2010.03.14"]
[Round "9.7"]
[White "Guo, Louis"]
[Black "Carvallo, Henri"]
[Result "0-1"]
[WhiteElo "1557"]
[BlackElo "2130"]
[PlyCount "49"]
[EventDate "2009.09.27"]
[EventType "team"]
[EventRounds "11"]
[EventCountry "FRA"]
[SourceDate "2009.07.26"]

1. e4 d6 2. d4 Nf6 3. Nc3 Nbd7 4. f4 e5 5. Nf3 exd4 6. Qxd4 c6 7. Bc4 d5 8.
exd5 Bc5 9. Qd3 O-O 10. Bd2 Re8+ 11. Ne2 Ne4 12. Rf1 Nxd2 13. Qxd2 Nb6 14. Bb3
Nxd5 15. Bxd5 cxd5 16. Nfd4 Bg4 17. Rf2 Qh4 18. g3 Qh5 19. c3 Re4 20. Rc1 Rae8
21. Rc2 Bxd4 22. cxd4 Bxe2 23. Rxe2 Rxe2+ 24. Qxe2 Rxe2+ 25. Rxe2 0-1

[Event "FRA-chT2 0910"]
[Site "France"]
[Date "2010.03.14"]
[Round "9.8"]
[White "Josse, Anais"]
[Black "Samy, Marceline"]
[Result "1-0"]
[WhiteElo "1635"]
[BlackElo "1199"]
[PlyCount "99"]
[EventDate "2009.09.27"]
[EventType "team"]
[EventRounds "11"]
[EventCountry "FRA"]
[SourceDate "2009.07.26"]

1. e4 e5 2. Nf3 Nc6 3. Bb5 Nf6 4. d3 d5 5. Nxe5 Bd7 6. Bxc6 Bxc6 7. Nxc6 bxc6
8. e5 Nd7 9. d4 c5 10. O-O Be7 11. Qh5 cxd4 12. e6 O-O 13. exd7 Qxd7 14. Nd2
Qc6 15. Qf5 Rad8 16. Nf3 Qc4 17. Ne5 Qc5 18. Nd7 g6 19. Qh3 Qxc2 20. Nxf8 Rxf8
21. Qb3 Qf5 22. Qf3 Qc2 23. Qxd5 Bc5 24. Bh6 Re8 25. Rac1 Qxb2 26. Rxc5 Qb4 27.
Rc4 Qb2 28. Qxd4 Qxd4 29. Rxd4 f5 30. Rd7 Rc8 31. Rfd1 c5 32. Rd8+ Rxd8 33.
Rxd8+ Kf7 34. Rc8 Ke6 35. Rxc5 Kf6 36. h4 Ke6 37. Rc7 Ke5 38. Rxh7 Kf6 39. Rxa7
Ke5 40. Ra6 Ke4 41. Rxg6 f4 42. Rg4 Kf5 43. Rxf4+ Kg6 44. a4 Kxh6 45. a5 Kh5
46. a6 Kh6 47. a7 Kh5 48. a8=Q Kh6 49. Qh8+ Kg6 50. Rf6# 1-0

[Event "FRA-chT2 0910"]
[Site "France"]
[Date "2009.10.04"]
[Round "1.4"]
[White "Valles, Manuel"]
[Black "Remille, Tristan"]
[Result "0-1"]
[WhiteElo "2201"]
[BlackElo "2216"]
[PlyCount "81"]
[EventDate "2009.09.27"]
[EventType "team"]
[EventRounds "11"]
[EventCountry "FRA"]
[SourceDate "2009.07.26"]

1. d4 d5 2. c4 c6 3. Nc3 Nf6 4. e3 e6 5. Nf3 Nbd7 6. Bd3 dxc4 7. Bxc4 b5 8. Bb3
b4 9. Ne2 c5 10. O-O Bb7 11. Ne5 Bd6 12. Ba4 O-O 13. Nxd7 Nxd7 14. e4 Ba6 15.
Bxd7 Qxd7 16. dxc5 Bxe2 17. Qxe2 Bxc5 18. Rd1 Qb7 19. b3 Qb6 20. Bb2 Rad8 21.
h4 h6 22. Rac1 Rxd1+ 23. Rxd1 Rd8 24. Rxd8+ Qxd8 25. g3 Qb6 26. Kg2 Bd4 27.
Bxd4 Qxd4 28. Kf1 a5 29. Qc2 Kh7 30. Ke2 g5 31. hxg5 hxg5 32. Qd3 Qb2+ 33. Qd2
Qe5 34. Qe3 g4 35. f4 gxf3+ 36. Kxf3 Qc3 37. Qxc3 bxc3 38. Ke3 Kg6 39. Kd3 f5
40. Ke3 Kg5 41. Kd4 0-1

[Event "FRA-chT2 0910"]
[Site "France"]
[Date "2009.10.17"]
[Round "2.3"]
[White "Flear, Christine"]
[Black "Le Hetet, Nicolas"]
[Result "1/2-1/2"]
[WhiteElo "2148"]
[BlackElo "2117"]
[PlyCount "54"]
[EventDate "2009.09.27"]
[EventType "team"]
[EventRounds "11"]
[EventCountry "FRA"]
[SourceDate "2009.07.26"]

1. d4 d5 2. c4 c6 3. Nc3 dxc4 4. e4 b5 5. a4 b4 6. Na2 Nf6 7. e5 Nd5 8. Bxc4 e6
9. Nf3 Ba6 10. Bxa6 Nxa6 11. Bg5 Qb6 12. Nc1 c5 13. Qe2 h6 14. Bd2 Be7 15. Nb3
O-O 16. O-O Rac8 17. Rac1 cxd4 18. Nfxd4 Nc5 19. Qg4 Kh8 20. a5 Qb8 21. Nxc5
Bxc5 22. Nb3 Qb5 23. Qh3 Kg8 24. Rcd1 Qc4 25. Qg3 Kh7 26. Rc1 Qb5 27. Qg4 a6
1/2-1/2

[Event "FRA-chT2 0910"]
[Site "France"]
[Date "2009.10.17"]
[Round "2.7"]
[White "Giry, Jean Marc"]
[Black "Benard, Luc"]
[Result "1-0"]
[WhiteElo "2009"]
[BlackElo "1867"]
[PlyCount "54"]
[EventDate "2009.09.27"]
[EventType "team"]
[EventRounds "11"]
[EventCountry "FRA"]
[SourceDate "2009.07.26"]

1. c4 e5 2. g3 Bc5 3. a3 c6 4. Bg2 Ne7 5. e3 d5 6. d4 exd4 7. exd4 Bb6 8. c5
Bc7 9. Ne2 O-O 10. O-O Bf5 11. Nbc3 Qd7 12. Bf4 Na6 13. Re1 Bxf4 14. Nxf4 Ng6
15. Qd2 Nc7 16. h3 Ne6 17. Nh5 Ne7 18. Rad1 h6 19. Qxh6 Bg6 20. Rxe6 Nf5 21.
Rxg6 Nxh6 22. Nf6+ Kh8 23. Rxh6+ gxh6 24. Nxd7 Rfe8 25. Ne5 f6 26. Nf7+ Kg7 27.
Nd6 Re7 1-0

[Event "FRA-chT2 0910"]
[Site "France"]
[Date "2009.10.17"]
[Round "2.8"]
[White "Mamah, Isabelle"]
[Black "Maury, Claude"]
[Result "0-1"]
[WhiteElo "1718"]
[BlackElo "1861"]
[PlyCount "61"]
[EventDate "2009.09.27"]
[EventType "team"]
[EventRounds "11"]
[EventCountry "FRA"]
[SourceDate "2009.07.26"]

1. e4 e6 2. d4 d5 3. Nd2 Nf6 4. e5 Ne4 5. Bd3 Nxd2 6. Bxd2 c5 7. c3 Nc6 8. Bb5
Bd7 9. Bxc6 Bxc6 10. Qg4 Qb6 11. b3 cxd4 12. cxd4 h5 13. Qf4 O-O-O 14. Nf3 g5
15. Nxg5 Bh6 16. O-O Bxg5 17. Qxg5 Qxd4 18. Be3 Qe4 19. f3 Qb4 20. a3 Qa5 21.
b4 Qa4 22. Bc5 Kb8 23. Qf6 Qc2 24. a4 Rdg8 25. Bf2 d4 26. b5 Bd5 27. Rac1 Qe2
28. Rce1 Rxg2+ 29. Kxg2 Bxf3+ 30. Kg1 Rg8+ 31. Bg3 0-1